[Event "Geneve Open"]
[Site "Geneva SUI"]
[Date "1986.??.??"]
[Round "?"]
[White "Kosten, Anthony C"]
[Black "Barbero, Gerardo F"]
[Result "1-0"]
[WhiteElo "2405"]
[BlackElo "2520"]
[PlyCount "77"]
[EventDate "1986.??.??"]
[Source "www.chesslib.no"]
[SourceDate "2004.05.04"]

1. e4 e5 2. Nf3 Nc6 3. Bb5 Nf6 4. O-O d6 5. d4 Bd7 6. Nc3 Be7 7. Bxc6 Bxc6 8. Qd3 exd4 9. Nxd4 O-O 10. Bg5 Nd7 11. Bxe7 Qxe7 12. Nd5 Bxd5 13. exd5 Nc5 14. Qd2 Qe4 15. Nb5 a6 16. Rfe1 Qf5 17. Nc3 Rfe8 18. Re2 h6 19. Rae1 Kf8 20. h3 Qf6 21. Nd1 Rxe2 22. Qxe2 a5 23. Nc3 a4 24. Nb5 Qd8 25. c4 Qd7 26. g3 c6 27. dxc6 bxc6 28. Nd4 d5 29. cxd5 cxd5 30. h4 Ne4 31. Rc1 Rb8 32. Qf3 Kg8 33. b3 axb3 34. axb3 Rb6 35. Rc2 Rf6 36. Qh5 Nxg3 37. fxg3 Qh3 38. Rg2 g5 39. Qe2 1-0

[Event "Sevilla Open"]
[Site "Seville ESP"]
[Date "1994.??.??"]
[Round "7"]
[White "Hernandez, Gilberto"]
[Black "Eslon, Jaan"]
[Result "1-0"]
[WhiteElo "2485"]
[BlackElo "2425"]
[PlyCount "81"]
[EventDate "1994.01.??"]
[Source "www.chesslib.no"]
[SourceDate "2004.05.04"]

1. e4 e5 2. Nf3 Nc6 3. Bb5 Nf6 4. O-O d6 5. d4 Bd7 6. Nc3 Be7 7. Re1 exd4 8. Nxd4 O-O 9. Bf1 Re8 10. Bf4 Bf8 11. h3 Nxd4 12. Qxd4 Bc6 13. Rad1 Nd7 14. b4 a6 15. Nd5 Ne5 16. c4 b6 17. Qd2 a5 18. a3 h6 19. Be3 g5 20. f4 gxf4 21. Bxf4 Re6 22. b5 Bb7 23. Re3 Bg7 24. Rg3 Kh7 25. Qf2 Ng6 26. Bd3 Bxd5 27. exd5 Rf6 28. Qd2 Qf8 29. Be3 Kh8 30. Bb1 Ne5 31. Bd4 Re8 32. Kh1 Re7 33. a4 Qe8 34. Rc1 Kg8 35. h4 Kf8 36. h5 Qd7 37. Qc2 Rf4 38. Rxg7 Rh4+ 39. Kg1 Nf3+ 40. gxf3 Re5 41. Bxe5 1-0

[Event "Malta ol (Men)"]
[Site "La Valetta"]
[Date "1980.??.??"]
[Round "?"]
[White "Gruenfeld, Yehuda"]
[Black "Rubinetti, Jorge A"]
[Result "1-0"]
[WhiteElo "2455"]
[BlackElo "2445"]
[PlyCount "65"]
[EventDate "1980.11.??"]
[Source "www.chesslib.no"]
[SourceDate "2004.05.04"]

1. e4 e5 2. Nf3 Nc6 3. Bb5 Nf6 4. O-O d6 5. d4 Bd7 6. Nc3 Be7 7. Re1 exd4 8. Nxd4 O-O 9. Bxc6 Bxc6 10. b3 Re8 11. Bb2 Bf8 12. Qf3 Re5 13. Qd3 Qb8 14. Nf3 Re8 15. e5 Nh5 16. Ng5 g6 17. Qf3 Re7 18. exd6 Rxe1+ 19. Rxe1 f6 20. Nce4 Bg7 21. Nxf6+ Bxf6 22. Bxf6 Qf8 23. Be7 Qxf3 24. Nxf3 cxd6 25. Bxd6 Re8 26. Rxe8+ Bxe8 27. Be5 h6 28. Kf1 Kf7 29. Ke2 g5 30. Ke3 g4 31. Nd2 Ke6 32. Bd4 a6 33. Nc4 1-0

[Event "Skopje ol (Men)"]
[Site "Skopje MKD"]
[Date "1972.09.29"]
[Round "3.4"]
[White "Matulovic, Milan"]
[Black "Pedersen, Eigil"]
[Result "1/2-1/2"]
[WhiteElo "2525"]
[BlackElo "2370"]
[PlyCount "61"]
[EventDate "1972.09.??"]
[Source "www.chesslib.no"]
[SourceDate "2004.05.04"]

1. e4 e5 2. Nf3 Nc6 3. Bb5 Nf6 4. O-O d6 5. d4 Bd7 6. Nc3 Be7 7. Bxc6 Bxc6 8. Qd3 Nd7 9. Be3 exd4 10. Nxd4 O-O 11. f4 Re8 12. Rad1 Qc8 13. Nxc6 bxc6 14. e5 Qb7 15. Qf5 Nf8 16. Ne4 Qxb2 17. Bd4 Qxa2 18. exd6 cxd6 19. Qg4 Ne6 20. Ba1 d5 21. Ng3 Qc4 22. Nf5 Bc5+ 23. Kh1 d4 24. Rfe1 g6 25. Nh6+ Kg7 26. f5 Kxh6 27. f6 Qd5 28. Re3 g5 29. h4 Nf4 30. Rg3 Kg6 31. Qxf4 1/2-1/2

[Event "Baden-Baden"]
[Site "Baden-Baden"]
[Date "1985.??.??"]
[Round "1"]
[White "Kindermann, Stefan"]
[Black "Pachman, Ludek"]
[Result "1-0"]
[WhiteElo "2480"]
[BlackElo "2410"]
[PlyCount "81"]
[EventDate "1985.07.??"]
[Source "ChessBase"]

1. e4 e5 2. Nf3 Nc6 3. Bb5 Nf6 4. O-O d6 5. d4 Bd7 6. Nc3 Be7 7. Re1 exd4 8. Nxd4 O-O 9. Bxc6 bxc6 10. Qf3 Re8 11. b3 c5 12. Nf5 Bxf5 13. Qxf5 Nd7 14. Nd5 Bf6 15. Rb1 Be5 16. Bg5 f6 17. Bd2 Nb6 18. Ne3 d5 19. exd5 Nxd5 20. Rbd1 Nb6 21. a4 Qd7 22. Qxd7 Nxd7 23. Nc4 Bd6 24. Kf1 Rxe1+ 25. Bxe1 Rd8 26. Nxd6 Ne5 27. Ba5 Rxd6 28. Ke2 Rxd1 29. Kxd1 c6 30. Bc7 Kf7 31. Kd2 Ke6 32. Kc3 Kd5 33. Bb8 a6 34. Bxe5 fxe5 35. f3 h5 36. h4 g6 37. Kd3 c4+ 38. bxc4+ Kc5 39. c3 Kb6 40. Ke4 Ka5 41. Kxe5 1-0

[Event "World Open"]
[Site "Philadelphia, PA USA"]
[Date "1989.??.??"]
[Round "10"]
[White "Valvo, Michael J"]
[Black "Lein, Anatoly Y"]
[Result "1/2-1/2"]
[WhiteElo "2385"]
[BlackElo "2485"]
[PlyCount "29"]
[EventDate "1989.06.??"]
[Source "www.chesslib.no"]
[SourceDate "2004.05.04"]

1. e4 e5 2. Nf3 Nc6 3. Bb5 Nf6 4. O-O d6 5. d4 Bd7 6. Nc3 Be7 7. Qd3 Nxd4 8. Nxd4 exd4 9. Qxd4 Bxb5 10. Nxb5 O-O 11. Nc3 c6 12. Bf4 Qb6 13. Rad1 Qxd4 14. Rxd4 Rfd8 15. Rfd1 1/2-1/2

[Event "Corr"]
[Site "?"]
[Date "2000.??.??"]
[Round "?"]
[White "Figlio Gino Franco"]
[Black "Amorim Douglas Airton Ferr"]
[Result "1/2-1/2"]
[WhiteElo "2455"]
[BlackElo "2411"]
[PlyCount "61"]
[EventDate "2000.??.??"]
[Source "www.chesslib.no"]
[SourceDate "2004.05.04"]

1. e4 e5 2. Nf3 Nc6 3. Bb5 Nf6 4. O-O d6 5. d4 Bd7 6. Nc3 Be7 7. Re1 exd4 8. Nxd4 Nxd4 9. Qxd4 Bxb5 10. Nxb5 O-O 11. c4 Re8 12. f3 c6 13. Nc3 Nd7 14. Be3 Bf6 15. Qd2 Be5 16. Rad1 Qa5 17. Rc1 Re6 18. b3 Rae8 19. Red1 Nb6 20. Nb1 Qa6 21. Re1 Nd7 22. Rcd1 Bf6 23. Qf2 b5 24. cxb5 Qxb5 25. Bd4 d5 26. Bxf6 Nxf6 27. exd5 Qxd5 28. Nc3 Qa5 29. Rxe6 Rxe6 30. Qd4 Qa3 31. Qd2 1/2-1/2

[Event "Mar del Plata Open"]
[Site "Mar del Plata ARG"]
[Date "1972.??.??"]
[Round "6"]
[White "Schweber, Samuel"]
[Black "Rubinetti, Jorge A"]
[Result "1/2-1/2"]
[WhiteElo "2445"]
[BlackElo "2410"]
[PlyCount "27"]
[EventDate "1972.??.??"]
[Source "www.chesslib.no"]
[SourceDate "2004.05.04"]

1. e4 e5 2. Nf3 Nc6 3. Bb5 Nf6 4. O-O d6 5. d4 Bd7 6. Nc3 Be7 7. Bxc6 Bxc6 8. dxe5 dxe5 9. Nxe5 Qxd1 10. Rxd1 Bxe4 11. Nxe4 Nxe4 12. Nc4 Nd6 13. Nxd6+ Bxd6 14. Be3 1/2-1/2

[Event "ch-ARG Superior 2003"]
[Site "Caseros"]
[Date "2003.09.11"]
[Round "9.4"]
[White "Szmetan, Jorge"]
[Black "Rubinetti, Jorge"]
[Result "1/2-1/2"]
[WhiteElo "2408"]
[BlackElo "2438"]
[PlyCount "115"]
[EventDate "2003.09.03"]
[Source "Roberto Alvarez"]
[SourceDate "2003.09.15"]

1. e4 e5 2. Nf3 Nc6 3. Bb5 Nf6 4. O-O d6 5. d4 Bd7 6. Nc3 Be7 7. Re1 exd4 8. Nxd4 O-O 9. Bxc6 bxc6 10. Bf4 Rb8 11. e5 dxe5 12. Bxe5 Bd6 13. Nb3 Re8 14. Bxd6 Rxe1+ 15. Qxe1 cxd6 16. Rd1 Qc7 17. Qd2 Re8 18. f3 Re6 19. Nd4 Re5 20. Nb3 Re6 21. Nd4 Re5 22. Nb3 Ne8 23. Qf2 h6 24. Re1 Nf6 25. Rxe5 dxe5 26. Qc5 Bf5 27. Na5 Nd7 28. Nd5 Nxc5 29. Nxc7 Bd7 30. b4 Na4 31. Na6 Be8 32. c4 Nc3 33. Nb8 Ne2+ 34. Kf2 Nd4 35. Ke3 f6 36. Kd3 Kf8 37. a4 Ke7 38. Nb7 g5 39. b5 cxb5 40. cxb5 Nxb5 41. axb5 Bxb5+ 42. Ke4 h5 43. g3 Ke6 44. h4 f5+ 45. Ke3 f4+ 46. Kf2 gxh4 47. gxh4 Kd5 48. Kg2 Bd3 49. Nd7 Bg6 50. Na5 Kd6 51. Nxe5 Kxe5 52. Nc6+ Kd6 53. Nxa7 Bd3 54. Nc8+ Kc7 55. Ne7 Kd6 56. Nc8+ Kc5 57. Ne7 Kd6 58. Nc8+ 1/2-1/2

[Event "Belgrade Cukarica"]
[Site "Belgrade SCG"]
[Date "1995.??.??"]
[Round "8"]
[White "Zontakh, Andrey"]
[Black "Radulski, Julian"]
[Result "1-0"]
[WhiteElo "2460"]
[BlackElo "2380"]
[PlyCount "65"]
[EventDate "1995.??.??"]
[Source "www.chesslib.no"]
[SourceDate "2004.05.04"]

1. e4 e5 2. Nf3 Nc6 3. Bb5 Nf6 4. O-O d6 5. d4 Bd7 6. Nc3 Be7 7. Re1 exd4 8. Nxd4 O-O 9. Bf1 Re8 10. Bf4 h6 11. Qd2 Bf8 12. Rad1 Ne5 13. f3 Ng6 14. Bg3 a6 15. a4 Nh5 16. Bf2 Qg5 17. Qxg5 hxg5 18. Be3 g4 19. Nd5 Rac8 20. a5 gxf3 21. gxf3 Ne5 22. Kf2 Be7 23. Nxe7+ Rxe7 24. c4 Nc6 25. Nxc6 Bxc6 26. b4 Nf6 27. Bd4 Nh7 28. b5 Be8 29. bxa6 bxa6 30. c5 dxc5 31. Bxc5 Re5 32. Rc1 Nf6 33. Bb6 1-0

[Event "Moncase"]
[Site "Moncase"]
[Date "1993.??.??"]
[Round "6"]
[White "Perez Pardo, Juan Carlos"]
[Black "Campora, Daniel H"]
[Result "0-1"]
[WhiteElo "2285"]
[BlackElo "2550"]
[PlyCount "90"]
[EventDate "1993.??.??"]
[Source "www.chesslib.no"]
[SourceDate "2004.05.04"]

1. e4 e5 2. Nf3 Nc6 3. Bb5 Nf6 4. O-O d6 5. d4 Bd7 6. Nc3 Be7 7. Re1 exd4 8. Nxd4 O-O 9. Nxc6 bxc6 10. Bd3 Re8 11. Bf4 Ng4 12. h3 Ne5 13. Bxe5 dxe5 14. Bc4 Bd6 15. Qe2 Qe7 16. Nd1 g6 17. Ne3 Kh8 18. Bb3 f5 19. Nc4 f4 20. Nxd6 cxd6 21. Rad1 Rad8 22. Rd2 Rf8 23. Qf3 Rf6 24. g4 fxg3 25. Qxg3 Rf4 26. Re3 Rh4 27. Red3 Rxh3 28. Qg2 Rxd3 29. Rxd3 Rf8 30. Rf3 Rf4 31. Rxf4 exf4 32. Qf3 Qe5 33. Qd3 Kg7 34. f3 Qc5+ 35. Kf1 h5 36. c3 Kf6 37. Qd4+ Qxd4 38. cxd4 c5 39. dxc5 dxc5 40. a3 g5 41. Bd5 g4 42. Kf2 g3+ 43. Kg1 h4 44. b4 cxb4 45. axb4 h3 0-1

[Event "otb"]
[Site "otb"]
[Date "2007.03.20"]
[Round "6"]
[White "Yurtaev Leonid"]
[Black "Sabirov Farkhad"]
[Result "1-0"]
[WhiteElo "2476"]
[BlackElo "2353"]
[PlyCount "57"]
[Source "www.chesslib.no"]
[SourceDate "2004.05.04"]

1. e4 e5 2. Nf3 Nc6 3. Bb5 Nf6 4. O-O d6 5. d4 Bd7 6. Nc3 Be7 7. Bxc6 Bxc6 8. Re1 exd4 9. Nxd4 O-O 10. Bf4 Nd7 11. b4 a6 12. a4 Bf6 13. Rb1 Ne5 14. b5 axb5 15. axb5 Bd7 16. Rb3 Ng6 17. Bg3 Be5 18. Nd5 Ra4 19. Nf5 Be6 20. Bxe5 dxe5 21. Rd3 Bxd5 22. Rxd5 Qg5 23. g3 h6 24. b6 cxb6 25. h4 Qf6 26. Rd6 Rd4 27. Rxf6 Rxd1 28. Rxd1 gxf6 29. h5 1-0

[Event "XIII Torneo Magistral de Elgoibar"]
[Site "Elgoibar"]
[Date "2003.12.08"]
[Round "6.5"]
[White "Perez Candelario, Manuel"]
[Black "Gonzalez de la Torre, Santiago"]
[Result "1/2-1/2"]
[WhiteElo "2463"]
[BlackElo "2365"]
[PlyCount "97"]
[EventDate "2003.11.03"]
[Source "Roberto Alvarez"]
[SourceDate "2003.12.15"]

1. e4 e5 2. Nf3 Nc6 3. Bb5 Nf6 4. O-O d6 5. d4 Bd7 6. Nc3 Be7 7. Re1 exd4 8. Nxd4 O-O 9. Nxc6 bxc6 10. Bd3 Re8 11. h3 Bf8 12. f4 g6 13. Qf3 Nd5 14. Bd2 Nxc3 15. Bxc3 Bg7 16. Bxg7 Kxg7 17. Re2 Qf6 18. c3 Re7 19. Qg3 Rae8 20. Rf1 Kg8 21. h4 Qg7 22. Rfe1 f6 23. Re3 Kh8 24. Qf2 c5 25. a3 a5 26. Bc4 f5 27. exf5 Bxf5 28. Qf3 Rxe3 29. Rxe3 Qf8 30. g3 c6 31. Qe2 Bd7 32. Ba2 Kg7 33. Kf2 Kf6 34. g4 Rxe3 35. g5+ Ke7 36. Qxe3+ Kd8 37. Bb1 Bf5 38. Be4 Kd7 39. Bf3 Qb8 40. Qe2 Qb5 41. Qd2 Qc4 42. h5 gxh5 43. Bxh5 Qe4 44. Bf3 Qb1 45. Bg2 Ke7 46. Qe2+ Kd7 47. Qd2 Kc7 48. Qe2 Kd7 49. Qd2 1/2-1/2

[Event "NED-chT"]
[Site "NED"]
[Date "2000.02.06"]
[Round "2"]
[White "Blees, Albert"]
[Black "Bouwmeester, Hans"]
[Result "1-0"]
[WhiteElo "2402"]
[BlackElo "2414"]
[PlyCount "99"]
[EventDate "2000.02.05"]
[Source "www.chesslib.no"]
[SourceDate "2004.05.04"]

1. e4 e5 2. Nf3 Nc6 3. Bb5 Nf6 4. O-O d6 5. d4 Bd7 6. Nc3 Be7 7. Re1 exd4 8. Nxd4 O-O 9. Bxc6 bxc6 10. Bf4 Re8 11. Qd2 Ng4 12. h3 Ne5 13. Bxe5 dxe5 14. Nb3 Bd6 15. Rad1 Qb8 16. Re3 f6 17. Ne2 Be6 18. Ng3 g6 19. h4 c5 20. c4 Bxc4 21. h5 Bf7 22. Rf3 c4 23. hxg6 hxg6 24. Nf5 Qb4 25. Qc1 Bf8 26. a3 Qxb3 27. Rxb3 cxb3 28. Nh6+ Bxh6 29. Qxh6 Rad8 30. Rc1 Re7 31. g3 Rd6 32. Kg2 Be8 33. Rh1 Kf7 34. Qe3 Rb6 35. Qc5 Rd7 36. Rh8 Rbd6 37. Qc4+ Ke7 38. Rh7+ Kd8 39. Rh8 Re7 40. Qxb3 a6 41. Qc4 Kc8 42. Qb4 Kd8 43. Qb7 Rb6 44. Qd5+ Rd6 45. Qa8+ Kd7 46. b4 Rb6 47. a4 Ree6 48. a5 Rbd6 49. b5 axb5 50. a6 1-0

[Event "ARG-ch"]
[Site "Quilmes"]
[Date "1980.??.??"]
[Round "6"]
[White "Borghi, Humberto"]
[Black "Campora, Daniel Hugo"]
[Result "1-0"]
[WhiteElo "2395"]
[BlackElo "2415"]
[PlyCount "61"]
[EventDate "1980.??.??"]
[Source "ChessBase"]

1. e4 e5 2. Nf3 Nc6 3. Bb5 Nf6 4. O-O d6 5. d4 Bd7 6. Nc3 Be7 7. Bxc6 Bxc6 8. Qd3 exd4 9. Nxd4 Bd7 10. Bg5 O-O 11. Rfe1 Re8 12. Rad1 h6 13. Bh4 Nh7 14. Bxe7 Qxe7 15. Nd5 Qd8 16. c4 a5 17. Re3 Ng5 18. Rde1 f6 19. Nf5 Nf7 20. Qd4 Ne5 21. f4 Nc6 22. Qd1 Nb4 23. Nxh6+ Kf8 24. Qh5 Be6 25. f5 Bxd5 26. exd5 Qd7 27. Ng4 Rxe3 28. Rxe3 Qf7 29. Qh4 Nxa2 30. Re6 Qg8 31. Nxf6 1-0

[Event "Buenos Aires ol (Men)"]
[Site "Buenos Aires ARG"]
[Date "1978.??.??"]
[Round "2"]
[White "Romanishin, Oleg M"]
[Black "Barbero, Gerardo F"]
[Result "1-0"]
[WhiteElo "2610"]
[BlackElo "2200"]
[PlyCount "63"]
[EventDate "1978.10.25"]
[Source "www.chesslib.no"]
[SourceDate "2004.05.04"]

1. e4 e5 2. Nf3 Nc6 3. Bb5 Nf6 4. O-O d6 5. d4 Bd7 6. Nc3 Be7 7. Bxc6 Bxc6 8. Qd3 Nd7 9. Be3 exd4 10. Nxd4 Ne5 11. Nxc6 bxc6 12. Qe2 O-O 13. f4 Ng6 14. Rad1 Qe8 15. Qd3 Bf6 16. e5 dxe5 17. f5 Nf4 18. Qc4 Bg5 19. Rde1 Qd7 20. g3 Nh3+ 21. Kg2 Bxe3 22. Rxe3 Qd4 23. Re4 Qd2+ 24. Qe2 Qh6 25. Rh4 Qxh4 26. gxh4 Nf4+ 27. Rxf4 exf4 28. f6 gxf6 29. Ne4 Kg7 30. Qg4+ Kh8 31. Qxf4 Rg8+ 32. Kf3 1-0

[Event "AUT Team Ch"]
[Site "Austria"]
[Date "1991.??.??"]
[Round "?"]
[White "Mokry, Karel"]
[Black "Schuh, Franz"]
[Result "1-0"]
[WhiteElo "2505"]
[BlackElo "2300"]
[PlyCount "93"]
[EventDate "1991.??.??"]
[Source "www.chesslib.no"]
[SourceDate "2004.05.04"]

1. e4 e5 2. Nf3 Nc6 3. Bb5 Nf6 4. O-O d6 5. d4 Bd7 6. Nc3 Be7 7. Re1 exd4 8. Nxd4 Nxd4 9. Qxd4 Bxb5 10. Nxb5 a6 11. Nc3 O-O 12. Bg5 h6 13. Bh4 Re8 14. Rad1 Qc8 15. Qc4 b5 16. Qc6 g5 17. Bg3 Qd7 18. Qxd7 Nxd7 19. Nd5 Bd8 20. f3 Nf6 21. Ne3 Nh5 22. Bf2 Rc8 23. Nf5 Kh7 24. Bd4 Bf6 25. Bxf6 Nxf6 26. Kf2 Kg6 27. g4 Ng8 28. Re3 Ne7 29. Ra3 Ra8 30. Rc3 Ra7 31. Re3 f6 32. h4 Nxf5 33. exf5+ Kf7 34. hxg5 hxg5 35. Rxe8 Kxe8 36. Rh1 a5 37. Rh7 d5 38. Ke3 b4 39. Rh8+ Ke7 40. Rh7+ Kd6 41. Rf7 Ke5 42. Re7+ Kd6 43. Re6+ Kc5 44. Rxf6 Ra8 45. Rg6 Re8+ 46. Kd3 Re1 47. f6 1-0

[Event "XXXIV Open internazionale"]
[Site "Siviglia SPA"]
[Date "2009.01.29"]
[Round "7"]
[White "Alonso Garcia, Rene"]
[Black "Hoffman, Alejandro"]
[Result "1/2-1/2"]
[WhiteElo "2368"]
[BlackElo "2425"]
[PlyCount "20"]
[EventDate "2009.01.23"]
[Source "www.chesslib.no"]
[SourceDate "2004.05.04"]

1. e4 e5 2. Nf3 Nc6 3. Bb5 Nf6 4. O-O d6 5. d4 Bd7 6. Nc3 Be7 7. Bxc6 Bxc6 8. Qd3 Nd7 9. dxe5 Nxe5 10. Nxe5 dxe5 1/2-1/2

[Event "otb"]
[Site "otb"]
[Date "2007.03.22"]
[Round "8"]
[White "Kayumov Sergey"]
[Black "Sabirov Farkhad"]
[Result "1-0"]
[WhiteElo "2438"]
[BlackElo "2353"]
[PlyCount "73"]
[Source "www.chesslib.no"]
[SourceDate "2004.05.04"]

1. e4 e5 2. Nf3 Nc6 3. Bb5 Nf6 4. O-O d6 5. d4 Bd7 6. Nc3 Be7 7. Re1 exd4 8. Nxd4 O-O 9. Bxc6 bxc6 10. Qf3 Re8 11. h3 c5 12. Nf5 Bxf5 13. exf5 Nd7 14. Bf4 Nb6 15. Rad1 Bf6 16. Bc1 Bxc3 17. Qxc3 Qh4 18. Qf3 Re7 19. f6 Qxf6 20. Qxf6 Rxe1+ 21. Rxe1 gxf6 22. Bh6 Nc4 23. Re4 Ne5 24. Rf4 Re8 25. Rxf6 Re6 26. Bg5 Kg7 27. Rxe6 fxe6 28. Bd8 c6 29. Be7 Nc4 30. b3 Kf7 31. bxc4 Kxe7 32. f4 Kf6 33. Kf2 d5 34. Kf3 h5 35. g4 e5 36. fxe5+ Kxe5 37. gxh5 1-0

[Event "Toulouse Open"]
[Site "Toulouse FRA"]
[Date "1990.??.??"]
[Round "9"]
[White "Dzevlan, Miralem"]
[Black "Hresc, Vladimir"]
[Result "1/2-1/2"]
[WhiteElo "2455"]
[BlackElo "2335"]
[PlyCount "167"]
[EventDate "1990.??.??"]
[Source "www.chesslib.no"]
[SourceDate "2004.05.04"]

1. e4 e5 2. Nf3 Nc6 3. Bb5 Nf6 4. O-O d6 5. d4 Bd7 6. Nc3 Be7 7. Re1 exd4 8. Nxd4 O-O 9. Bxc6 bxc6 10. Qf3 Re8 11. b3 h6 12. Bb2 Nh7 13. Rad1 Bf6 14. Qd3 Qc8 15. f4 Qb7 16. Qg3 c5 17. Nf3 Bc6 18. e5 dxe5 19. fxe5 Be7 20. e6 Bf6 21. exf7+ Kxf7 22. Ne5+ Kg8 23. Nxc6 Qxc6 24. Na4 c4 25. Bxf6 Nxf6 26. h3 Kh8 27. Qf2 cxb3 28. cxb3 Ne4 29. Qd4 Nd6 30. Rc1 Rxe1+ 31. Rxe1 Re8 32. Rxe8+ Qxe8 33. Kh2 Qe2 34. Nc3 Qc2 35. Qc5 Nf5 36. Na4 Qe4 37. Nc3 Qf4+ 38. Kg1 Ng3 39. b4 h5 40. h4 Qxh4 41. Qf8+ Kh7 42. Qf3 Qd4+ 43. Kh2 h4 44. a3 Qe5 45. Kh3 Nf5 46. Ne4 g6 47. Ng5+ Kg7 48. Qd3 Qe1 49. Kh2 Qe5+ 50. Kh3 Qe1 51. Kh2 Qg3+ 52. Qxg3 hxg3+ 53. Kh3 Kf6 54. Nf3 Ke6 55. Nh4 Nxh4 56. Kxh4 Kd5 57. Kxg3 Kc4 58. Kf4 Kb3 59. Kg5 Kxa3 60. Kxg6 Kxb4 61. g4 a5 62. Kf5 a4 63. g5 a3 64. g6 a2 65. g7 a1=Q 66. g8=Q Qd4 67. Qb8+ Qb6 68. Qd8 Qd6 69. Qh4+ Kb5 70. Qh8 Qd5+ 71. Kf4 c5 72. Qb2+ Ka4 73. Qa1+ Kb4 74. Qe1+ Kb5 75. Qb1+ Kc6 76. Ke3 c4 77. Ke2 Qg2+ 78. Kd1 Qg4+ 79. Kc1 Kc5 80. Qb8 Qg1+ 81. Kc2 Qf2+ 82. Kc1 Qe1+ 83. Kc2 Qe4+ 84. Kc1 1/2-1/2

[Event "ARG-ch"]
[Site "Quilmes"]
[Date "1980.??.??"]
[Round "9"]
[White "Szmetan, Jorge"]
[Black "Cuasnicu, Oscar"]
[Result "1-0"]
[WhiteElo "2390"]
[BlackElo "2400"]
[PlyCount "81"]
[EventDate "1980.??.??"]
[Source "ChessBase"]

1. e4 e5 2. Nf3 Nc6 3. Bb5 Nf6 4. O-O d6 5. d4 Bd7 6. Nc3 Be7 7. Re1 exd4 8. Nxd4 O-O 9. Bxc6 bxc6 10. Qf3 Rb8 11. e5 dxe5 12. Nxc6 Bxc6 13. Qxc6 Qd6 14. Qf3 Qd4 15. Rd1 Qh4 16. b3 Bd6 17. Qf5 Rb4 18. g3 Rg4 19. Kg2 g6 20. Qd3 Qh5 21. h3 Rd4 22. Qf3 Qxf3+ 23. Kxf3 Rxd1 24. Nxd1 e4+ 25. Ke2 Nd5 26. Bb2 f5 27. a3 f4 28. c4 Ne7 29. Nc3 e3 30. fxe3 fxg3 31. Ne4 Rf5 32. Rg1 Be5 33. Bd4 Nc6 34. Nxg3 Rg5 35. Bxe5 Rxe5 36. Rd1 Na5 37. Rd7 Nxb3 38. Rxc7 a5 39. Kd3 a4 40. Ne4 h5 41. Nf6+ 1-0

[Event "tt"]
[Site "Utrecht tt"]
[Date "1975.??.??"]
[Round "?"]
[White "Ligterink, Gert"]
[Black "Bouwmeester, Hans"]
[Result "1/2-1/2"]
[WhiteElo "2365"]
[BlackElo "2420"]
[PlyCount "34"]
[EventDate "1975.??.??"]
[Source "www.chesslib.no"]
[SourceDate "2004.05.04"]

1. e4 e5 2. Nf3 Nc6 3. Bb5 Nf6 4. O-O d6 5. d4 Bd7 6. Nc3 Be7 7. Re1 exd4 8. Nxd4 O-O 9. Bxc6 bxc6 10. Qf3 Re8 11. e5 dxe5 12. Nxc6 Bxc6 13. Qxc6 Qd7 14. Qf3 Bb4 15. Bg5 Qg4 16. Qxg4 Nxg4 17. Bd2 Rad8 1/2-1/2

[Event "Imperia (Italy)"]
[Site "?"]
[Date "2002.??.??"]
[Round "8"]
[White "Jasny Stanislav"]
[Black "Campora Daniel Hugo"]
[Result "0-1"]
[WhiteElo "2266"]
[BlackElo "2505"]
[PlyCount "78"]
[EventDate "2002.??.??"]
[Source "www.chesslib.no"]
[SourceDate "2004.05.04"]

1. e4 e5 2. Nf3 Nc6 3. Bb5 Nf6 4. O-O d6 5. d4 Bd7 6. Nc3 Be7 7. Re1 exd4 8. Nxd4 Nxd4 9. Qxd4 Bxb5 10. Nxb5 O-O 11. Qc3 a6 12. Nd4 Nd7 13. Nf5 Bf6 14. Qg3 Kh8 15. Bf4 g6 16. Nh6 Qe7 17. Rad1 Rae8 18. Ng4 Bg7 19. Bh6 f5 20. Bxg7+ Qxg7 21. exf5 Rxe1+ 22. Rxe1 gxf5 23. Ne3 Qxb2 24. Nd5 Ne5 25. h3 Qxa2 26. c4 c6 27. Ne7 f4 28. Qh4 Rf7 29. Qh6 Qa5 30. Re4 Qd8 31. Rxe5 dxe5 32. Ng6+ Kg8 33. Nxe5 Rf8 34. Qe6+ Kg7 35. Nd7 Re8 36. Qg4+ Kh8 37. Qf5 Qe7 38. c5 f3 39. Nf6 Rf8 0-1

[Event "ARG Ch"]
[Site "Buenos Aires ARG"]
[Date "1978.??.??"]
[Round "?"]
[White "Bronstein, Luis M"]
[Black "Campora, Daniel H"]
[Result "0-1"]
[WhiteElo "2400"]
[BlackElo "2370"]
[PlyCount "78"]
[EventDate "1978.??.??"]
[Source "www.chesslib.no"]
[SourceDate "2004.05.04"]

1. e4 e5 2. Nf3 Nc6 3. Bb5 Nf6 4. O-O d6 5. d4 Bd7 6. Nc3 Be7 7. Bxc6 Bxc6 8. Qd3 exd4 9. Nxd4 O-O 10. Nf5 Bd7 11. Nxe7+ Qxe7 12. Bg5 Bc6 13. b4 h6 14. Bxf6 Qxf6 15. b5 Bd7 16. Nd5 Qd8 17. c4 Re8 18. a4 Be6 19. Ne3 Qg5 20. f4 Qc5 21. Kh1 f6 22. Rac1 Re7 23. Nd5 Bxd5 24. cxd5 Qb6 25. h3 Rae8 26. Rc4 a6 27. bxa6 Qxa6 28. Rf3 Qb6 29. Qc2 f5 30. Rb3 Qa7 31. e5 dxe5 32. Rxc7 Rxc7 33. Qxc7 exf4 34. Qxf4 Re1+ 35. Kh2 Qg1+ 36. Kg3 Re2 37. Qf3 f4+ 38. Kxf4 Rf2 39. Rd3 Qxg2 0-1

[Event "Naestved Open"]
[Site "Naestved DEN"]
[Date "1988.??.??"]
[Round "3"]
[White "Wedberg, Tom"]
[Black "Jacobsen, Bo"]
[Result "1/2-1/2"]
[WhiteElo "2475"]
[BlackElo "2290"]
[PlyCount "52"]
[EventDate "1988.07.??"]
[Source "www.chesslib.no"]
[SourceDate "2004.05.04"]

1. e4 e5 2. Nf3 Nc6 3. Bb5 Nf6 4. O-O d6 5. d4 Bd7 6. Nc3 Be7 7. Re1 exd4 8. Nxd4 O-O 9. Bxc6 bxc6 10. Qd3 Re8 11. Bg5 Ng4 12. Bxe7 Qxe7 13. h3 Ne5 14. Qg3 Qf6 15. Rad1 Ng6 16. Nf3 Re7 17. Rd4 h6 18. Red1 Rb8 19. b3 Rbe8 20. R1d3 Bc8 21. Re3 a6 22. Rc4 Bb7 23. Rb4 Ba8 24. Ra4 Bb7 25. Rb4 Ba8 26. Ra4 Bb7 1/2-1/2

[Event "Aarhus"]
[Site "Aarhus"]
[Date "1983.??.??"]
[Round "10"]
[White "Tisdall, Jonathan D"]
[Black "Jacobsen, Bo"]
[Result "1/2-1/2"]
[WhiteElo "2440"]
[BlackElo "2320"]
[PlyCount "44"]
[EventDate "1983.05.??"]
[Source "ChessBase"]

1. e4 e5 2. Nf3 Nc6 3. Bb5 Nf6 4. O-O d6 5. d4 Bd7 6. Nc3 Be7 7. Bxc6 Bxc6 8. Qd3 exd4 9. Nxd4 O-O 10. Nf5 Bd7 11. Nxe7+ Qxe7 12. f3 Bc6 13. Bg5 Qe5 14. Qd2 Rfe8 15. Rae1 Re6 16. b3 Rae8 17. Ne2 Nh5 18. Nd4 Rg6 19. Be3 Bd7 20. Kh1 c5 21. Ne2 Bc6 22. Nf4 Nxf4 1/2-1/2

[Event "Quito"]
[Site "Quito"]
[Date "1975.??.??"]
[Round "3"]
[White "Gutierrez, Jose Antonio"]
[Black "Rubinetti, Jorge Alberto"]
[Result "0-1"]
[WhiteElo "2315"]
[BlackElo "2440"]
[PlyCount "34"]
[EventDate "1975.??.??"]
[Source "ChessBase"]

1. e4 e5 2. Nf3 Nc6 3. Bb5 Nf6 4. O-O d6 5. d4 Bd7 6. Nc3 Be7 7. Bg5 exd4 8. Nxd4 O-O 9. Re1 Nxd4 10. Qxd4 Bxb5 11. Nxb5 c6 12. Nc3 Qa5 13. Bh4 Rad8 14. Rad1 Rfe8 15. a4 a6 16. Rd3 d5 17. exd5 Bc5 0-1

[Event "DEN-ch"]
[Site "Horsens"]
[Date "1978.??.??"]
[Round "6"]
[White "Kristiansen, Jens"]
[Black "Rosenlund, Thorbjorn"]
[Result "1/2-1/2"]
[WhiteElo "2395"]
[BlackElo "2340"]
[PlyCount "46"]
[EventDate "1978.??.??"]
[Source "ChessBase"]

1. e4 e5 2. Nf3 Nc6 3. Bb5 Nf6 4. O-O d6 5. d4 Bd7 6. Nc3 Be7 7. Re1 exd4 8. Nxd4 Nxd4 9. Qxd4 Bxb5 10. Nxb5 O-O 11. Qc3 Qd7 12. a4 c6 13. Nd4 d5 14. e5 Ne4 15. Qd3 c5 16. Nf3 c4 17. Qe2 f6 18. Be3 fxe5 19. Nxe5 Qf5 20. Nf3 Bd6 21. Nd4 Qg6 22. g3 Rae8 23. f3 Nf6 1/2-1/2